[Event "VIE-ch"]
[Site "Vietnam"]
[Date "2016.05.02"]
[Round "8"]
[White "To, Nhat Minh"]
[Black "Tran, Quoc Dung"]
[Result "0-1"]
[WhiteElo "2326"]
[BlackElo "2286"]
[PlyCount "204"]
[EventDate "2016.04.27"]
[EventType "swiss"]
[EventRounds "9"]
[EventCountry "VIE"]
[SourceTitle "CBM 172 Extra"]
[Source "ChessBase"]
[SourceDate "2016.06.21"]
[SourceVersion "1"]
[SourceVersionDate "2016.06.21"]
[SourceQuality "1"]

1. e4 e5 2. Nf3 Nc6 3. Bb5 a6 4. Ba4 Nf6 5. 0-0 Nxe4 6. d4 b5 7. Bb3 d5 8. dxe5 Be6 9. Be3 Be7 10. Qe2 Na5 11. Nd4 c5 12. Nxe6 fxe6 13. c3 Nxb3 14. axb3 0-0 15. f3 Ng5 16. Nd2 Nf7 17. f4 Nh6 18. g3 Qb6 19. Kg2 a5 20. Nf3 Qc6 21. h3 a4 22. bxa4 Rxa4 23. Rxa4 bxa4 24. Ra1 Nf5 25. Bf2 Nh6 26. Qc2 Ra8 27. b3 a3 28. Ra2 Qb7 29. g4 Nf7 30. Be3 d4 31. cxd4 cxd4 32. Bxd4 Rc8 33. Qd3 Qd5 34. Rc2 Ra8 35. Qc4 Qxc4 36. Rxc4 Rb8 37. Nd2 Nd8 38. Rc7 Rb7 39. Rxb7 Nxb7 40. Kf3 Na5 41. Ke4 Bb4 42. Nf1 Nxb3 43. Ne3 Bd2 44. Nc2 Bc1 45. Bc3 Bb2 46. Kd3 Nc1+ 47. Kd2 Bxc3+ 48. Kxc3 Ne2+ 49. Kd2 Nxf4 50. Nxa3 Nxh3 51. Ke3 Kf7 52. Nb5 Ke7 53. Nd6 Ng5 54. Kf4 Nf7 55. Ne4 h6 56. Nc5 Nh8 57. Ke4 Ng6 58. Nd3 Nf8 59. Nf4 Kf7 60. Kd4 Ng6 61. Nd3 Ke7 62. Ke4 Kf7 63. Kd4 Ne7 64. Nf4 Nc6+ 65. Ke4 g6 66. Nh3 Ne7 67. Nf4 Nc6 68. Nh3 g5 69. Nf2 Kg6 70. Nd3 h5 71. gxh5+ Kxh5 72. Nc5 Nd8 73. Kf3 Kh4 74. Ne4 Nf7 75. Nc5 g4+ 76. Kg2 Ng5 77. Nd3 Nh3 78. Kh2 g3+ 79. Kh1 Kg4 80. Ne1 Nf4 81. Kg1 Kf5 82. Nf3 Ke4 83. Nd2+ Kxe5 84. Nf1 Ne2+ 85. Kg2 Kf4 86. Nd2 e5 87. Kf1 Nd4 88. Kg2 Nf5 89. Kg1 e4 90. Nb3 e3 91. Nc1 Kf3 92. Nd3 e2 93. Ne1+ Ke3 94. Kg2 Kd2 95. Nf3+ Kd1 96. Kh3 e1Q 97. Nxe1 Kxe1 98. Kg2 Ke2 99. Kh1 Kf3 100. Kg1 Nd4 101. Kh1 g2+ 102. Kh2 Kf2 0-1

[Event "VIE-ch"]
[Site "Vietnam"]
[Date "2016.05.02"]
[Round "7"]
[White "Tran, Quoc Dung"]
[Black "Tran, Ngoc Lan"]
[Result "1-0"]
[WhiteElo "2286"]
[BlackElo "2250"]
[PlyCount "103"]
[EventDate "2016.04.27"]
[EventType "swiss"]
[EventRounds "9"]
[EventCountry "VIE"]
[SourceTitle "CBM 172 Extra"]
[Source "ChessBase"]
[SourceDate "2016.06.21"]
[SourceVersion "1"]
[SourceVersionDate "2016.06.21"]
[SourceQuality "1"]

1. d4 d5 2. Nf3 Nf6 3. c4 c6 4. Nc3 e6 5. g3 dxc4 6. Bg2 a6 7. a4 Nbd7 8. 0-0 b6 9. Nd2 Bb7 10. Nxc4 Be7 11. Bf4 0-0 12. Qb3 Nd5 13. Bd6 b5 14. Nxd5 exd5 15. Qa3 Re8 16. Bxe7 Rxe7 17. Na5 Nb6 18. b3 bxa4 19. Rab1 Nc8 20. Qb4 Nd6 21. bxa4 Rc8 22. e3 Rcc7 23. Rfc1 g6 24. Qb6 Qc8 25. Qc5 Qe6 26. Rb6 Ne4 27. Bxe4 Qxe4 28. Nxb7 Rxb7 29. a5 Qd3 30. Qxc6 Rbd7 31. Qc3 Qe2 32. Re1 Qf3 33. Rxa6 h5 34. Ra8+ Kg7 35. Qc8 Kf6 36. Qb8 Rc7 37. Qb6+ Kf5 38. Qb1+ Kg4 39. Qd1 Qxd1 40. Rxd1 Kf3 41. Rd8 Rc2 42. Rf1 Rb7 43. Rxd5 Rbb2 44. Rd6 f5 45. Rxg6 Ra2 46. a6 Rxf2 47. Rxf2+ Rxf2 48. Rg5 Rg2+ 49. Kh1 Ra2 50. Rxf5+ Kxe3 51. Rxh5 Kxd4 52. Rh6 1-0

[Event "VIE-ch"]
[Site "Vietnam"]
[Date "2016.04.30"]
[Round "5"]
[White "Vo, Thanh Ninh"]
[Black "Tran, Quoc Dung"]
[Result "1/2-1/2"]
[WhiteElo "2413"]
[BlackElo "2286"]
[PlyCount "77"]
[EventDate "2016.04.27"]
[EventType "swiss"]
[EventRounds "9"]
[EventCountry "VIE"]
[SourceTitle "CBM 172 Extra"]
[Source "ChessBase"]
[SourceDate "2016.06.21"]
[SourceVersion "1"]
[SourceVersionDate "2016.06.21"]
[SourceQuality "1"]

1. c4 c5 2. g3 Nc6 3. Bg2 g6 4. Nc3 Bg7 5. d3 d6 6. Nf3 e5 7. Nd5 h6 8. 0-0 Nge7 9. Rb1 0-0 10. Ne1 Rb8 11. Bd2 Bd7 12. b4 Nxd5 13. Bxd5 Bh3 14. Ng2 Ne7 15. Bf3 b6 16. Re1 f5 17. Qa4 g5 18. Ne3 Kh8 19. Bg2 Bxg2 20. Nxg2 Qc7 21. Qa6 f4 22. bxc5 dxc5 23. Bc3 Nc6 24. a4 e4 25. Bxg7+ Kxg7 26. a5 e3 27. fxe3 fxg3 28. hxg3 bxa5 29. Rb5 Rb6 30. Rxb6 axb6 31. Rb1 Nb4 32. Qb5 Rf6 33. Rf1 Rxf1+ 34. Kxf1 Qf7+ 35. Kg1 Qe6 36. Qa4 Qc6 37. Qa1+ Qf6 38. Qa4 Qc6 39. Qa1+ 1/2-1/2